Compilación de tratados de derecho internacional privado suscritos en el sistema interamericano entre 1888 Y 1994 : (Record no. 101931)

MARC details
000 -LEADER
fixed length control field 00958nam a22002177a 4500
005 - DATE AND TIME OF LATEST TRANSACTION
control field 20150929104102.0
008 - FIXED-LENGTH DATA ELEMENTS--GENERAL INFORMATION
fixed length control field 150929b py ||||| |||| 00| 0 spa d
050 04 - LIBRARY OF CONGRESS CALL NUMBER
Classification number KG110.A35
Item number C66 1998
245 00 - TITLE STATEMENT
Title Compilación de tratados de derecho internacional privado suscritos en el sistema interamericano entre 1888 Y 1994 :
Remainder of title Tratados de Montevideo y convenciones interamericanas sobre derecho internacional privado /
Statement of responsibility, etc Corte Suprema de Justicia ; coordinador Elixeno Ayala.
250 ## - EDITION STATEMENT
Edition statement 1a ed.
260 ## - PUBLICATION, DISTRIBUTION, ETC. (IMPRINT)
Place of publication, distribution, etc Asunción, Paraguay :
Name of publisher, distributor, etc Corte Suprema de Justicia
260 ## - PUBLICATION, DISTRIBUTION, ETC. (IMPRINT)
Name of publisher, distributor, etc Centro Internacional de Estudios Judiciales,
Date of publication, distribution, etc 1998
300 ## - PHYSICAL DESCRIPTION
Extent xii, 813 p. :
Other physical details il. ;
Dimensions 22 cm.
504 ## - BIBLIOGRAPHY, ETC. NOTE
Bibliography, etc Incluye bibliografía
650 #7 - SUBJECT ADDED ENTRY--TOPICAL TERM
Source of heading or term LEMB
Topical term or geographic name as entry element Conflicto de leyes
Geographic subdivision América
650 #7 - SUBJECT ADDED ENTRY--TOPICAL TERM
Source of heading or term LEMB
Topical term or geographic name as entry element Conflicto de leyes
Geographic subdivision Paraguay
650 #7 - SUBJECT ADDED ENTRY--TOPICAL TERM
Source of heading or term LEMB
Topical term or geographic name as entry element Derecho internacional
700 1# - ADDED ENTRY--PERSONAL NAME
Personal name Ayala, Elixeno,
Relator term coord.
710 1# - ADDED ENTRY--CORPORATE NAME
Corporate name or jurisdiction name as entry element Paraguay
Subordinate unit Corte Suprema de Justicia
942 ## - ADDED ENTRY ELEMENTS (KOHA)
Source of classification or shelving scheme Biblioteca del Cogreso de los Estados Unidos
Koha item type Libro
Holdings
Estado de pérdida Fuente de clasificación Estado del daño No para préstamo Ubicación permanente Ubicación actual Apartado o colección Fecha de adquisición Edición Dependencia de educación superior (DES) Área del conocimiento Clasificación Código de Barras Date last seen Número de copia Tipo de recurso
  Biblioteca del Cogreso de los Estados Unidos     Biblioteca del Posgrado en Derecho Biblioteca del Posgrado en Derecho Colección Ernesto Villanueva 29/09/2015 1a ed. Derecho Ciencias Sociales y Administrativas KG110.A35 C66 1998 BPD000002810 29/09/2015 1 Libro